| 000 | 00712nam a2200169 i 4500 | ||
|---|---|---|---|
| 001 | 82848 | ||
| 003 | ES-MaACL | ||
| 007 | t| | ||
| 008 | 041112s1984 sp ||||1| spa d | ||
| 110 | 2 |
_aInstituto Europeo de Seguridad Social. _95052 |
|
| 245 | 1 | 3 |
_aLa edad de jubilación en Europa _b: retrospectivas y perspectivas de la Seguridad Social / _cInstituto Europeo de la Seguridad Social ; [traducción de Alfonso Barrada Rodríguez ... [et al.]]. |
| 260 |
_a[Madrid] : _bInstituto de Estudios Laborales y de la Seguridad Social, _c[1984] |
||
| 300 |
_a248 p. ; _c24 cm. |
||
| 500 | _aParte I del Anuario IEES, 1978-1979. | ||
| 700 | 1 |
_aBarrada Rodríguez, Alfonso. _925814 |
|
| 852 |
_aES-MaACL _jL-6513 _bR.107415 |
||
| 999 |
_c82848 _d82848 |
||